Proyecto de graduación (bachillerato en ingeniería eléctrica)--Universidad de Costa Rica. Facultad de Ingeniería. Escuela de Ingeniería Eléctrica

Shranjeno v:
Bibliografske podrobnosti
Glavni avtor: Marín Villalobos, Álvaro
Format: Knjiga
Izdano: San José, Costa Rica 2009
Teme:
Oznake: Označite
Brez oznak, prvi označite!

MARC

LEADER 00000nam a2200000Ia 4500
003 001480
005 20221231144044.0
008 140114s2009 cr a 000 ||s d
040 |c cru CEDI  
090 |a TFG 5999 
100 |a Marín Villalobos, Álvaro   |9 3502 
245 |a Proyecto de graduación (bachillerato en ingeniería eléctrica)--Universidad de Costa Rica. Facultad de Ingeniería. Escuela de Ingeniería Eléctrica 
260 |c 2009  |b San José, Costa Rica 
300 |a v, 97 hojas; ilustraciones (principalmente a color), mapas 
500 |a Proyecto de graduación (bachillerato en ingeniería eléctrica)--Universidad de Costa Rica. Facultad de Ingeniería. Escuela de Ingeniería Eléctrica 
650 |x AUTOMATIZACION   |x CONTROL AUTOMATICO  |x REFINADORA COSTARRICENSE DE PETROLEO   |x  PETROLEO  |x LA GARITA (ALAJUELA, COSTA RICA)   |9 3503 
942 |c TFG 
999 |c 16229  |d 16229